[Event "73. Bezirkseinzelmeisterschaft 2018-19"]
[Site "Dortmund"]
[Date "2019.08.15"]
[Round "4.3"]
[White "Wichtrup, Jan-Louis"]
[Black "Strack, Patrick"]
[Result "1-0"]
[WhiteElo "2170"]
[BlackElo "1627"]
[PlyCount "55"]
[EventDate "2019.??.??"]
[WhiteTeam "Dortmunder SV 1875"]
[BlackTeam "SF Brackel"]

1. Nf3 d5 2. b3 c5 3. e3 Nc6 4. Bb5 Bd7 5. Bb2 a6 6. Bxc6 Bxc6 7. Ne5 e6 8.
Nxc6 bxc6 9. Nc3 d4 10. Na4 e5 11. O-O Bd6 12. Ba3 Qa5 13. exd4 exd4 14. Qg4
Ne7 15. Qxg7 Rg8 16. Qxh7 O-O-O 17. Qxf7 Rh8 18. g3 Rh6 19. Rae1 Rdh8 20. Rxe7
Bxe7 21. Qxe7 Rxh2 22. Bxc5 Qc7 23. Qe4 R8h3 24. Re1 Rxg3+ 25. Kf1 Rg7 26. Bxd4
Rf7 27. Qe8+ Kb7 28. Nc5+ 1-0

[Event "73. Bezirkseinzelmeisterschaft 2018-19"]
[Site "Dortmund"]
[Date "2019.08.15"]
[Round "4.4"]
[White "Burchert, Wolfgang"]
[Black "Surmann, Christoph"]
[Result "1/2-1/2"]
[WhiteElo "2057"]
[BlackElo "1764"]
[PlyCount "82"]
[EventDate "2019.??.??"]
[WhiteTeam "SC Hansa Dortmund"]
[BlackTeam "Dortmunder SV 1875"]

1. e4 c6 2. Nc3 d5 3. Qe2 d4 4. Nd1 e5 5. d3 Bb4+ 6. c3 dxc3 7. bxc3 Bc5 8. Nf3
f6 9. g3 Ne7 10. Bg2 Be6 11. O-O O-O 12. Bb2 b5 13. a4 a5 14. Ne3 b4 15. Rfc1
bxc3 16. Bxc3 Na6 17. Bb2 Qb6 18. Nc4 Bxc4 19. Rxc4 Rab8 20. Ba3 Bb4 21. Bxb4
axb4 22. d4 exd4 23. Nxd4 c5 24. Nb5 Nc6 25. Rd1 Ne5 26. Rd6 Qa5 27. Rc1 Qxa4
28. f4 Nf7 29. Qc4 Qxb5 30. Qxb5 Rxb5 31. Rxa6 Rc8 32. Bf1 Rbb8 33. Bc4 Kf8 34.
Rca1 b3 35. Rb1 b2 36. Ra2 Nd6 37. Bd5 c4 38. Raxb2 Rxb2 39. Rxb2 c3 40. Rc2
Nb5 41. Kf2 Ke7 1/2-1/2

[Event "73. Bezirkseinzelmeisterschaft 2018-19"]
[Site "Dortmund"]
[Date "2019.08.15"]
[Round "4.5"]
[White "Barskij, Aleksandr"]
[Black "Krams, Amatus"]
[Result "0-1"]
[WhiteElo "1890"]
[BlackElo "1729"]
[PlyCount "64"]
[EventDate "2019.??.??"]
[WhiteTeam "SF Brackel"]
[BlackTeam "SV Rochade Eving"]

1. e4 e5 2. Nf3 d5 3. Nxe5 dxe4 4. d4 Bd6 5. Nc4 Nf6 6. Nxd6+ Qxd6 7. Be2 O-O
8. O-O Nc6 9. c3 Nd5 10. Nd2 Qe7 11. Nc4 f5 12. f4 g5 13. Ne5 Nxe5 14. fxe5 f4
15. Qb3 c6 16. c4 Nb6 17. Bd2 Qf7 18. Bb4 Rd8 19. Bd6 Be6 20. Rac1 Nc8 21. Qb4
Nxd6 22. exd6 Rf8 23. Rcd1 g4 24. d5 cxd5 25. cxd5 Bd7 26. Qxe4 Rae8 27. Qc2
Re3 28. Qd2 Rfe8 29. Bd3 f3 30. gxf3 gxf3 31. Rde1 Qg7+ 32. Kh1 Rxe1 0-1

[Event "73. Bezirkseinzelmeisterschaft 2018-19"]
[Site "Dortmund"]
[Date "2019.08.15"]
[Round "4.6"]
[White "Grube, Jörg"]
[Black "Sonntag, Hans-Joachim"]
[Result "1-0"]
[WhiteElo "1815"]
[BlackElo "1700"]
[PlyCount "67"]
[EventDate "2019.??.??"]
[WhiteTeam "FS 98 Dortmund"]
[BlackTeam "FS 98 Dortmund"]

1. d4 Nf6 2. c4 e6 3. Nc3 d5 4. cxd5 exd5 5. Bg5 Nbd7 6. e3 c6 7. Bd3 h6 8. Bh4
Bb4 9. Nge2 O-O 10. O-O Be7 11. Qc2 Re8 12. f3 c5 13. Rad1 b6 14. Bf5 Bb7 15.
Qb1 a6 16. Kh1 Qc7 17. Rd2 Bd6 18. Bf2 cxd4 19. Nxd4 Ne5 20. Rc2 Qe7 21. Bh3
Nd3 22. Bh4 g6 23. Re2 Nc5 24. b4 Be5 25. bxc5 bxc5 26. f4 Bd6 27. Bxf6 Qxf6
28. Qxb7 cxd4 29. Nxd5 Qd8 30. Qb2 Bc5 31. exd4 Rxe2 32. Qxe2 Bxd4 33. Qe4 Bg7
34. f5 1-0

[Event "73. Bezirkseinzelmeisterschaft 2018-19"]
[Site "Dortmund"]
[Date "2019.08.15"]
[Round "4.7"]
[White "Sprungala, Erik"]
[Black "Kaluza, Lucas"]
[Result "1-0"]
[WhiteElo "1833"]
[BlackElo "1528"]
[PlyCount "91"]
[EventDate "2019.??.??"]
[WhiteTeam "SV Rochade Eving"]
[BlackTeam "SF Brackel"]

1. d4 Nf6 2. c4 g6 3. Nc3 Bg7 4. e4 d6 5. Be2 O-O 6. Be3 e5 7. d5 a5 8. Nf3 Ng4
9. Bg5 f6 10. Bh4 g5 11. Bg3 f5 12. Nd2 Nh6 13. f3 Na6 14. a3 c6 15. Bf2 Bd7
16. Rb1 c5 17. Nb5 Qb8 18. h3 Nf7 19. Bd3 f4 20. Nb3 Nc7 $11 21. Na1 Nxb5 22.
cxb5 Bf6 23. Nc2 h5 24. a4 Bd8 25. Na3 Kg7 26. Nc4 Nh6 27. Be2 Rh8 28. Kd2 b6
29. g3 Qc7 30. gxf4 gxf4 31. Qg1+ Kf7 $11 32. Qh2 Be7 33. Rbg1 Rag8 34. Rxg8
Rxg8 35. Bf1 Rg7 36. Rg1 Rxg1 37. Qxg1 Qd8 38. Be1 Kf6 39. Qh2 Kf7 40. h4 Ng8
41. Bh3 Ke8 42. Qg2 Bxh3 43. Qxg8+ Kd7 44. Qg6 Bf1 45. Nxe5+ dxe5 46. Qc6# 1-0

[Event "73. Bezirkseinzelmeisterschaft 2018-19"]
[Site "Dortmund"]
[Date "2019.08.15"]
[Round "4.8"]
[White "Richter, Jan"]
[Black "Begna, Bozidar"]
[Result "1/2-1/2"]
[WhiteElo "1745"]
[BlackElo "2042"]
[PlyCount "47"]
[EventDate "2019.??.??"]
[WhiteTeam "SV Eichlinghofen"]
[BlackTeam "SC Hansa Dortmund"]

1. f4 Nf6 2. Nf3 d6 3. d4 g6 4. e3 Bg7 5. Bc4 c6 6. a4 Bg4 7. O-O O-O 8. b3
Nbd7 9. h3 Bxf3 10. Qxf3 Qc7 11. Bb2 e5 12. dxe5 dxe5 13. Nc3 Rfe8 14. f5 Nb6
15. Be2 e4 16. Qf2 g5 17. Rad1 Rad8 18. g4 Rxd1 19. Rxd1 Nbd5 20. Nxd5 Nxd5 21.
f6 Bf8 22. Bc4 Nb6 23. Bf1 Nd5 24. Bc4 $11 1/2-1/2

[Event "73. Bezirkseinzelmeisterschaft 2018-19"]
[Site "Dortmund"]
[Date "2019.08.15"]
[Round "4.9"]
[White "Krug, Michael"]
[Black "Jähnicke, Karl-Heinz"]
[Result "1-0"]
[WhiteElo "1891"]
[BlackElo "1774"]
[PlyCount "107"]
[EventDate "2019.??.??"]
[WhiteTeam "SC Wambel 77"]
[BlackTeam "SV Rochade Eving"]

1. e4 e5 2. Nf3 d6 3. d4 exd4 4. Nxd4 Nf6 5. Nc3 a6 6. a4 Be7 7. Be2 c5 8. Nf3
Nc6 9. Bf4 O-O 10. h3 b6 11. Qd2 Bb7 12. Rd1 Nb4 13. Bd3 b5 14. axb5 axb5 15.
Bxb5 Nxe4 16. Qe2 Nxc3 17. bxc3 Nd5 18. Bd2 Bf6 19. O-O Bxc3 20. Bg5 Bf6 21.
Bd2 Nc7 22. Bf4 Nxb5 23. Qxb5 Ba6 24. Qc6 Bxf1 25. Kxf1 Re8 26. Qd5 Ra1 27.
Rxa1 Bxa1 28. Ng5 Qe7 29. g4 Bd4 30. Kg2 h6 31. Nf3 Be5 32. Be3 Qe6 33. Qc6 c4
34. Bb6 d5 35. Qb7 Bf4 36. Bd4 Qe4 37. c3 Rb8 38. Qa7 h5 39. Qd7 Re8 40. Qc6
Re6 41. Qc8+ Kh7 42. gxh5 Qf5 43. Qf8 f6 44. Qf7 Bd6 45. h4 Re7 46. Ng5+ Kh6
47. Qg8 Kxh5 48. Qh8+ Kg4 49. f3+ Kf4 50. Nh3+ Qxh3+ 51. Kxh3 Kxf3 52. Qh5+ Ke4
53. Qg4+ Bf4 54. Qg2+ 1-0

[Event "73. Bezirkseinzelmeisterschaft 2018-19"]
[Site "Dortmund"]
[Date "2019.08.15"]
[Round "4.10"]
[White "Lauche, Christoph"]
[Black "Pachura, Karl-Heinz"]
[Result "1-0"]
[WhiteElo "1775"]
[BlackElo "1435"]
[PlyCount "103"]
[EventDate "2019.??.??"]
[WhiteTeam "FS 98 Dortmund"]
[BlackTeam "SF Brackel"]

1. e4 e5 2. Bc4 d6 3. Nc3 c6 4. a4 Be7 5. f4 exf4 6. d4 Nd7 7. Bxf4 Ngf6 8. e5
dxe5 9. dxe5 Nd5 10. Nxd5 cxd5 11. Qxd5 O-O 12. Nf3 Qb6 13. Qb5 Nc5 14. Qxb6
axb6 15. b3 Be6 16. Bxe6 Nxe6 17. Be3 Rac8 18. c4 Bb4+ 19. Kf2 Nc5 20. Rab1 h6
21. Rhd1 Ne4+ 22. Kf1 Nc3 23. Rbc1 Nxd1 24. Rxd1 Bc5 25. Ke2 Rfd8 26. Nd4 Re8
27. e6 Bxd4 28. exf7+ Kxf7 29. Rxd4 Re7 30. Kd3 Rce8 31. Rf4+ Kg8 32. Bxb6 Rd7+
33. Rd4 Ree7 34. a5 Kf7 35. Bc5 Rxd4+ 36. Bxd4 Ke8 37. b4 Kd7 38. c5 g6 39. b5
Re1 40. Kc4 Rc1+ 41. Kd5 Rc2 42. a6 bxa6 43. c6+ Kc8 44. b6 Rd2 45. Kc5 Rc2+
46. Kd6 Rd2 47. b7+ Kb8 48. Kc5 Ka7 49. Kc4+ Rxd4+ 50. Kxd4 Kb8 51. Kc5 Kc7 52.
Kb4 1-0

[Event "73. Bezirkseinzelmeisterschaft 2018-19"]
[Site "Dortmund"]
[Date "2019.08.15"]
[Round "4.11"]
[White "Tomasjan, Samuel"]
[Black "Jentzsch, Werner Wilfried"]
[Result "1-0"]
[WhiteElo "1662"]
[BlackElo "1338"]
[PlyCount "67"]
[EventDate "2019.??.??"]
[WhiteTeam "SF Brackel"]
[BlackTeam "SF Brackel"]

1. e4 e5 2. Nf3 d6 3. c4 Nc6 4. d3 Nf6 5. Nc3 Bd7 6. Be2 Be7 7. O-O a6 8. Nd5
h6 9. Bd2 Nd4 10. Nxd4 exd4 11. a4 c6 12. Nxe7 Qxe7 13. Qb3 Be6 14. Qb6 c5 15.
b4 O-O 16. bxc5 dxc5 17. Rab1 Rab8 18. Bf4 Nd7 19. Qb2 b6 20. Bxb8 Rxb8 21. Qa3
Ne5 22. a5 Nc6 23. Rxb6 Rxb6 24. axb6 Nb4 25. Rb1 Qb7 26. Qa5 Qc6 27. e5 Qc8
28. Rxb4 cxb4 29. Qxb4 Qb8 30. Qc5 Bf5 31. Qd6 Qc8 32. c5 a5 33. c6 a4 34. b7
1-0

[Event "73. Bezirkseinzelmeisterschaft 2018-19"]
[Site "Dortmund"]
[Date "2019.08.15"]
[Round "4.12"]
[White "Rauschenbusch, Udo"]
[Black "Fischer, Gerhard"]
[Result "1-0"]
[WhiteElo "1637"]
[BlackElo "1330"]
[PlyCount "55"]
[EventDate "2019.??.??"]
[WhiteTeam "FS 98 Dortmund"]
[BlackTeam "Marten-Bövinghausen"]

1. f4 g6 2. Nf3 Bg7 3. g3 d6 4. e4 Nc6 5. d4 Bg4 6. c3 e5 7. d5 Nce7 8. h3 Bxf3
9. Qxf3 f5 10. exf5 Nxf5 11. Bb5+ Ke7 12. O-O a6 13. Bd3 Qf8 14. fxe5 Bxe5 15.
Bg5+ Bf6 16. Bf4 Kd7 17. Nd2 Nge7 18. Rae1 g5 19. Bxd6 Nxd6 20. Qxf6 Qxf6 21.
Rxf6 Nxd5 22. Rfe6 Rae8 23. Rxe8 Nxe8 24. Bf5+ Kd8 25. Ne4 h6 26. Rd1 c6 27. c4
Rf8 28. Bg4 1-0

[Event "73. Bezirkseinzelmeisterschaft 2018-19"]
[Site "Dortmund"]
[Date "2019.08.15"]
[Round "4.13"]
[White "Borch, Roland"]
[Black "Kommessin, Felix"]
[Result "1-0"]
[WhiteElo "1520"]
[BlackElo "1242"]
[PlyCount "109"]
[EventDate "2019.??.??"]
[WhiteTeam "Marten-Bövinghausen"]
[BlackTeam "SF Brackel"]

1. d4 d5 2. Nf3 Bf5 3. c4 e6 4. Nc3 c5 5. e3 Nf6 6. cxd5 exd5 7. Bb5+ Nc6 8.
Ne5 Qb6 9. a4 a6 10. a5 Qc7 11. Ba4 cxd4 12. Qxd4 Bd6 13. Nxc6 bxc6 14. Nxd5
Nxd5 15. Qxd5 Bd7 16. Qe4+ Be7 17. Bd2 Qd6 18. Bc3 O-O 19. Rd1 Qe6 20. Qxe6
Bxe6 21. Bxc6 Rab8 22. O-O Bb3 23. Rd7 Bc5 24. Rb7 Rbc8 25. Rxb3 Rxc6 26. Rd1
h6 27. Rd7 Re8 28. Rbb7 Rf8 29. g3 Rd6 30. Rxd6 Bxd6 31. Rb6 Bc5 32. Rxa6 Rc8
33. Kf1 Kf8 34. Ke2 Ke7 35. Kd3 Rd8+ 36. Kc4 Bd6 37. Bxg7 h5 38. Bd4 Rc8+ 39.
Kd5 Rc2 40. Ra7+ Kd8 41. Kxd6 Rc8 42. Rxf7 Ke8 43. Rh7 Rc2 44. a6 Rc1 45. a7
Ra1 46. Rh8+ Kf7 47. a8=Q Rxa8 48. Rxa8 Kg6 49. Ke6 Kg5 50. b3 h4 51. Rg8+ Kh6
52. Kf6 Kh7 53. Rg4 Kh8 54. Kf7+ Kh7 55. Rxh4# 1-0

[Event "73. Bezirkseinzelmeisterschaft 2018-19"]
[Site "Dortmund"]
[Date "2019.08.15"]
[Round "4.14"]
[White "Kommessin, Sabine"]
[Black "Ziemek, Gerhard"]
[Result "0-1"]
[WhiteElo "966"]
[BlackElo "1519"]
[PlyCount "50"]
[EventDate "2019.??.??"]
[WhiteTeam "DJK Ewaldi Aplerbeck"]
[BlackTeam "Marten-Bövinghausen"]

1. e4 e5 2. Nf3 Nc6 3. Bc4 Nd4 4. Nxd4 exd4 5. O-O c6 6. a4 Bc5 7. Qh5 Qe7 8.
d3 Nf6 9. Qg5 O-O 10. Qg3 d5 11. exd5 cxd5 12. Bxd5 Nxd5 13. Bh6 f6 14. Nd2 Bd6
15. f4 Qc7 16. Ne4 Ne3 17. Rf3 Nf5 18. Qf2 Nxh6 19. Qxd4 Nf5 20. Qd5+ Kh8 21.
g3 Be7 22. c4 Qb6+ 23. c5 Qxb2 24. Rff1 Ne3 25. Qh5 Qg2# 0-1

[Event "73. Bezirkseinzelmeisterschaft 2018-19"]
[Site "Dortmund"]
[Date "2019.08.15"]
[Round "4.15"]
[White "Schacht, Jürgen"]
[Black "Böckmann, Lieselotte"]
[Result "1-0"]
[WhiteElo "1462"]
[BlackElo "958"]
[PlyCount "63"]
[EventDate "2019.??.??"]
[WhiteTeam "SV Rochade Eving"]
[BlackTeam "FS 98 Dortmund"]

1. f4 f5 2. Nf3 Nf6 3. e3 Nc6 4. b3 d6 5. Bb2 h6 6. Bb5 a6 7. Bxc6+ bxc6 8. Nd4
g6 9. Nxc6 Qd7 10. Nd4 Bb7 11. O-O c5 12. Nf3 Rg8 13. d4 Nd5 14. Qd2 Bg7 15. c4
Nf6 16. Nc3 Rc8 17. Rad1 Qc7 18. Qe2 Kf7 19. Na4 Ne4 20. Nd2 h5 21. Nxe4 Bxe4
22. dxc5 Bxb2 23. cxd6 exd6 24. Nxb2 h4 25. Rd4 Rce8 26. Rfd1 Re6 27. Na4 Rh8
28. h3 Kf6 29. Qb2 Rd8 30. Rxd6+ Kf7 31. Rxd8 Re7 32. R1d6 1-0

[Event "73. Bezirkseinzelmeisterschaft 2018-19"]
[Site "Dortmund"]
[Date "2019.08.15"]
[Round "4.16"]
[White "Zabel, Reinhard"]
[Black "Maghrbi, Bassam"]
[Result "1-0"]
[WhiteElo "1417"]
[BlackElo "1207"]
[PlyCount "193"]
[EventDate "2019.??.??"]
[WhiteTeam "DB Brambauer"]
[BlackTeam "FS 98 Dortmund"]

1. e4 e5 2. Nf3 Nc6 3. Bb5 Bc5 4. Bxc6 bxc6 5. O-O d6 6. Nc3 Nf6 7. d3 O-O 8.
Bg5 h6 9. Bh4 g5 10. Bg3 Bg4 11. h3 Bh5 12. Qd2 Nh7 13. d4 Bb4 14. a3 Bxc3 15.
Qxc3 Bxf3 16. gxf3 f6 17. Qxc6 Qc8 18. Kg2 Rb8 19. b4 Rb6 20. Qc4+ Kg7 21. d5
f5 22. exf5 Rxf5 23. h4 Rf7 24. hxg5 hxg5 25. Qg4 Qxg4 26. fxg4 Nf6 27. c4 Nxg4
28. Rac1 Ra6 29. Rc3 c6 30. f3 Nh6 31. dxc6 Rxc6 32. c5 Kg6 33. Rfc1 Ra6 34.
cxd6 Rxd6 35. Rc6 Nf5 36. Rxd6+ Nxd6 37. Rc6 Kf5 38. Rxd6 g4 39. fxg4+ Kxg4 40.
Bxe5 Kf5 41. Bg3 Ke4 42. Rc6 Kd5 43. Rc7 Rf6 44. Rxa7 Kc4 45. Rd7 Ra6 46. Rc7+
Kb3 47. Be1 Kxa3 48. Rb7 Ka4 49. Bg3 Re6 50. Kf3 Re8 51. Bd6 Re6 52. Bc5 Kb3
53. Rd7 Kc4 54. Rf7 Kb5 55. Rf4 Re1 56. Re4 Rd1 57. Ke3 Rb1 58. Kd4 Rc1 59. Ke5
Kc6 60. Ke6 Rd1 61. Re5 Rd8 62. Ke7 Rd1 63. Re6+ Kc7 64. Re4 Rd7+ 65. Ke6 Rh7
66. Kd5 Rh5+ 67. Kc4 Kc6 68. Re6+ Kb7 69. Kb5 Rh7 70. Ra6 Rh5 71. Ra7+ Kb8 72.
Rg7 Ka8 73. Ka6 Rh6+ 74. Bb6 Rh8 75. b5 Rc8 76. Ba5 Kb8 77. Be1 Re8 78. Bg3+
Kc8 79. Ra7 Re6+ 80. b6 Rg6 81. Rc7+ Kd8 82. Bh4+ Ke8 83. Ka7 Rg4 84. Rh7 Ra4+
85. Kb8 Rb4 86. b7 Rc4 87. Rc7 Rxh4 88. Kc8 Rd4 89. b8=Q Rd8+ 90. Kb7 Rxb8+ 91.
Kxb8 Kd8 92. Rh7 Ke8 93. Kc7 Kf8 94. Kd6 Ke8 95. Ra7 Kf8 96. Ke6 Kg8 97. Kf6
1-0

[Event "73. Bezirkseinzelmeisterschaft 2018-19"]
[Site "Dortmund"]
[Date "2019.08.15"]
[Round "4.17"]
[White "Sahakyan, Tigran"]
[Black "Winkler, Daniel"]
[Result "0-1"]
[WhiteElo "1172"]
[BlackElo "1364"]
[PlyCount "70"]
[EventDate "2019.??.??"]
[WhiteTeam "SF Brackel"]
[BlackTeam "SV Eichlinghofen"]

1. e4 c5 2. Nf3 Nc6 3. d4 cxd4 4. Nxd4 e5 5. Nb3 Nf6 6. Nc3 Bb4 7. Bd3 O-O 8.
O-O Bxc3 9. bxc3 b6 10. Bg5 h6 11. Bh4 Qe7 12. Qe2 d6 13. f4 exf4 14. Rxf4 g5
15. Bxg5 hxg5 16. Rf3 Ne5 17. Rg3 g4 18. Nd4 Nh5 19. Nf5 Bxf5 20. exf5 Nxg3 21.
hxg3 Qf6 22. Kf2 Nxd3+ 23. Qxd3 Rac8 24. Qe4 Qg5 25. Qd4 Qxf5+ 26. Kg1 Qc5 27.
Qxc5 Rxc5 28. Rd1 Rxc3 29. Rxd6 Rxc2 30. a3 Ra2 31. Rd4 f5 32. Ra4 a5 33. Kh2
Ra1 34. Rf4 Rf6 35. Rd4 Rh6# 0-1

[Event "73. Bezirkseinzelmeisterschaft 2018-19"]
[Site "Dortmund"]
[Date "2019.08.15"]
[Round "4.18"]
[White "Dementyev, Sergei"]
[Black "Griese, Andreas"]
[Result "1-0"]
[WhiteElo "846"]
[BlackElo "1170"]
[PlyCount "93"]
[EventDate "2019.??.??"]
[WhiteTeam "SF Brackel"]
[BlackTeam "SC Hansa Dortmund"]

1. e4 c5 2. Nc3 d6 3. Bc4 e6 4. d3 Nf6 5. Nf3 Nc6 6. O-O Be7 7. Be3 O-O 8. d4
cxd4 9. Nxd4 Nxd4 10. Qxd4 e5 11. Qd3 a6 12. b4 b5 13. Bb3 Bb7 14. a4 Qd7 15.
a5 Rac8 16. Bb6 Qc6 17. Nd5 Nxd5 18. exd5 Qd7 19. c3 f5 20. Bc2 e4 21. Qh3 Bxd5
22. Rfd1 Be6 23. Qe3 Bf6 24. Bc5 Be5 25. f4 exf3 26. Qxf3 Rf6 27. h3 Qe7 28.
Bd4 Bxd4+ 29. Rxd4 Rc4 30. Qa8+ Kf7 31. Rxc4 Bxc4 32. Qxa6 Qe3+ 33. Kh2 Re6 34.
Bxf5 Qe5+ 35. Kg1 Qxf5 36. Qb7+ Kf6 (36... Re7) 37. a6 Bd5 38. Qxb5 Qe4 39.
Rf1+ Kg5 40. Rf2 Re5 41. Qd7 Qg6 42. Qg4+ Kh6 43. Qh4+ Rh5 44. Qf4+ Rg5 45. h4
Kh5 46. hxg5 Qxg5 47. Qh2+ 1-0

[Event "73. Bezirkseinzelmeisterschaft 2018-19"]
[Site "Dortmund"]
[Date "2019.08.15"]
[Round "4.19"]
[White "Rabe, Mark"]
[Black "Richter, Tim"]
[Result "1-0"]
[WhiteElo "1134"]
[BlackElo "1276"]
[PlyCount "77"]
[EventDate "2019.??.??"]
[WhiteTeam "FS 98 Dortmund"]
[BlackTeam "SV Eichlinghofen"]

1. c4 d6 2. g3 Bd7 3. Bg2 Bc6 4. Nf3 e5 5. O-O Ne7 6. d3 Qc8 7. e4 b6 8. Nc3 a6
9. Nh4 h6 10. f4 Nd7 11. Bh3 g5 12. fxg5 hxg5 13. Bxg5 Rh7 14. Qf3 Qb7 15. Bf5
Rxh4 16. Bxh4 O-O-O 17. Bg4 Kb8 18. Qxf7 Bh6 19. Qxe7 Be3+ 20. Kg2 Nc5 21.
Qxd8+ Ka7 22. Rf7 Qa8 23. Qxa8+ Bxa8 24. Nd5 Nxd3 25. Nxe3 Bb7 26. Rxc7 Kb8 27.
Rd7 Nc5 28. Rxd6 Kc7 29. Rg6 Bxe4+ 30. Kh3 Bxg6 31. Bf5 Be8 32. Rd1 e4 33. g4
Nd3 34. Bxe4 Nc5 35. Bg3+ Kc8 36. Bf5+ Kb7 37. g5 Ka7 38. g6 Ka8 39. g7 1-0

[Event "73. Bezirkseinzelmeisterschaft 2018-19"]
[Site "Dortmund"]
[Date "2019.08.16"]
[Round "5.1"]
[White "Luft, Dennis"]
[Black "Slanina, Aaron"]
[Result "0-1"]
[WhiteElo "2299"]
[BlackElo "1808"]
[PlyCount "74"]
[EventDate "2019.??.??"]
[WhiteTeam "SF Brackel"]
[BlackTeam "SF Brackel"]

1. e4 e5 2. Nf3 Nc6 3. Bc4 Bc5 4. c3 Nf6 5. d4 exd4 6. e5 d5 7. Bb5 Ne4 8. cxd4
Bb6 9. Nc3 O-O 10. Be3 Nxc3 11. bxc3 Ne7 12. Bg5 c6 13. Bd3 Bg4 14. Qc2 h6 15.
Be3 Qd7 16. Nh4 f6 17. h3 Be6 18. exf6 Rxf6 19. g4 Raf8 20. f4 Qd6 21. f5 Bd7
22. Rg1 c5 23. Nf3 cxd4 24. cxd4 Nc6 25. Kf2 Nb4 26. Qb3 Nxd3+ 27. Qxd3 Bxf5
28. gxf5 Rxf5 29. Rg2 Rxf3+ 30. Ke2 Bd8 31. h4 Rh3 32. Rag1 Bf6 33. Qb5 Qe6 34.
Rg3 Rxg3 35. Rxg3 Bxh4 36. Rf3 Rxf3 37. Kxf3 Qe4+ 0-1

[Event "73. Bezirkseinzelmeisterschaft 2018-19"]
[Site "Dortmund"]
[Date "2019.08.16"]
[Round "5.2"]
[White "Wichtrup, Jan-Louis"]
[Black "Alghawi, Abdullah"]
[Result "1-0"]
[WhiteElo "2170"]
[BlackElo "1906"]
[PlyCount "127"]
[EventDate "2019.??.??"]
[WhiteTeam "Dortmunder SV 1875"]
[BlackTeam "FS 98 Dortmund"]

1. e4 c5 2. b3 Nc6 3. Bb2 d6 4. Bb5 Bd7 5. f4 e5 6. fxe5 Qh4+ 7. Kf1 O-O-O 8.
Nc3 dxe5 9. Nf3 Qh5 10. Nd5 Nh6 11. Bxc6 bxc6 12. Ne3 f5 13. Nxe5 Qe8 14. Nxd7
Qxd7 15. e5 Be7 16. Nc4 Rhf8 17. Qe2 f4 18. e6 Qd5 19. Qf3 Nf5 20. Re1 g6 21.
Re5 Qxf3+ $11 22. gxf3 Nh4 23. Kf2 Nf5 24. Re2 Bh4+ 25. Kg2 Be7 26. d3 Kb7 27.
Na5+ Kb6 28. Nc4+ Kb7 29. Re4 Nh4+ 30. Kf2 Rd5 31. Na5+ Kc7 32. Be5+ Kb6 33.
Nc4+ Kb7 34. Bxf4 g5 35. Na5+ Kb6 36. Nc4+ Kb7 37. Bg3 Nxf3 38. Kg2 Nd4 39.
Na5+ Kb6 40. Nc4+ Kb7 41. Ne3 Rdd8 42. Be5 Nf3 43. Bg7 Nh4+ 44. Rxh4 gxh4 45.
Bxf8 Rxf8 46. Rf1 h3+ 47. Kxh3 Rxf1 48. Nxf1 Kc7 49. Kg4 Kd6 50. Kf5 Bd8 51.
Ng3 Ke7 52. Ne4 Bc7 53. h3 Bb6 54. Nf6 h6 55. Ng8+ Ke8 56. Nxh6 a5 57. a4 c4
58. bxc4 c5 59. Ng4 Bd8 60. Nf6+ Kf8 61. Nd5 Kg7 62. e7 Bxe7 63. Nxe7 Kf7 64.
Nc6 1-0

[Event "73. Bezirkseinzelmeisterschaft 2018-19"]
[Site "Dortmund"]
[Date "2019.08.16"]
[Round "5.3"]
[White "Krams, Amatus"]
[Black "Grube, Jörg"]
[Result "0-1"]
[WhiteElo "1729"]
[BlackElo "1815"]
[PlyCount "88"]
[EventDate "2019.??.??"]
[WhiteTeam "SV Rochade Eving"]
[BlackTeam "FS 98 Dortmund"]

1. e4 c5 2. d4 cxd4 3. c3 dxc3 4. Nxc3 Nc6 5. Nf3 e6 6. Bc4 a6 7. O-O Nge7 8.
Bf4 Ng6 9. Be3 Be7 10. Qe2 b5 11. Bb3 Qc7 12. Rac1 Qb8 13. Rfd1 O-O 14. Ne1 Na5
15. Bc2 Nc4 16. Nd3 d6 17. Bb3 Na5 18. Bc2 Nc4 19. Bb3 Nxe3 20. Qxe3 Rd8 21.
Nb4 Bd7 22. Nd3 Ra7 23. Ne2 a5 24. Nd4 Rc7 25. Rxc7 Qxc7 26. Qd2 Qb6 27. Nf3
Bc6 28. Qe2 a4 29. Bc2 b4 30. Bb1 d5 31. exd5 Rxd5 32. Qc2 Bd6 33. Rc1 Bd7 34.
Qe2 Ne7 35. Qe4 g6 36. Qh4 Nf5 37. Qh3 Qd8 38. Nde1 e5 39. Bxf5 Bxf5 40. Qh6
Bf8 41. Qe3 e4 42. Ng5 Bh6 43. Nxf7 Bxe3 44. Nxd8 Bxc1 0-1

[Event "73. Bezirkseinzelmeisterschaft 2018-19"]
[Site "Dortmund"]
[Date "2019.08.16"]
[Round "5.4"]
[White "Strack, Patrick"]
[Black "Schulz-Runge, Michael"]
[Result "1-0"]
[WhiteElo "1627"]
[BlackElo "1758"]
[PlyCount "61"]
[EventDate "2019.??.??"]
[WhiteTeam "SF Brackel"]
[BlackTeam "FS 98 Dortmund"]

1. e4 c5 2. d4 cxd4 3. c3 Nf6 4. e5 Nd5 5. Nf3 d3 6. Bxd3 e6 7. O-O Be7 8. c4
Nb4 9. Nc3 Nxd3 10. Qxd3 Na6 11. Nb5 O-O 12. Nd6 b6 13. Rd1 Nc5 14. Qd4 a5 15.
b3 f6 16. Ba3 fxe5 17. Nxe5 Bxd6 18. Qxd6 Rxf2 19. Bxc5 Rxg2+ 20. Kxg2 Qg5+ 21.
Kf2 Qh4+ 22. Ke3 Qg5+ 23. Kd3 bxc5 24. Rf1 Bb7 25. Nxd7 Be4+ 26. Kxe4 Qg2+ 27.
Kd3 Qh3+ 28. Kc2 Qg2+ 29. Kc3 h6 30. Qxe6+ Kh8 31. Qd5 1-0

[Event "73. Bezirkseinzelmeisterschaft 2018-19"]
[Site "Dortmund"]
[Date "2019.08.16"]
[Round "5.5"]
[White "Krug, Michael"]
[Black "Sprungala, Erik"]
[Result "1/2-1/2"]
[WhiteElo "1891"]
[BlackElo "1833"]
[PlyCount "74"]
[EventDate "2019.??.??"]
[WhiteTeam "SC Wambel 77"]
[BlackTeam "SV Rochade Eving"]

1. e4 c5 2. Nc3 Nc6 3. g3 g6 4. Bg2 Bg7 5. Nge2 d6 6. O-O e6 7. d3 Nge7 8. Be3
Rb8 9. d4 cxd4 10. Nxd4 a6 11. Qd2 O-O 12. Rad1 Ne5 13. b3 Qc7 14. h3 b5 15.
Nce2 Rd8 16. f4 Nd7 17. g4 Bb7 18. Ng3 e5 19. Nde2 Nb6 20. f5 Nc6 21. Bh6 f6
22. fxg6 hxg6 23. Rf3 $11 d5 24. exd5 Rxd5 25. Rd3 Rxd3 26. cxd3 Rd8 27. Be4
Nd4 28. Nxd4 exd4 29. Kg2 Nd7 30. Bxg7 Kxg7 31. Rc1 Bxe4+ 32. Nxe4 Qe5 33. Rc6
Rf8 34. Rxa6 Nc5 35. Ra7+ Rf7 36. Rxf7+ Kxf7 37. Nxc5 Qxc5 1/2-1/2

[Event "73. Bezirkseinzelmeisterschaft 2018-19"]
[Site "Dortmund"]
[Date "2019.08.16"]
[Round "5.6"]
[White "Begna, Bozidar"]
[Black "Burchert, Wolfgang"]
[Result "0-1"]
[WhiteElo "2042"]
[BlackElo "2057"]
[PlyCount "116"]
[EventDate "2019.??.??"]
[WhiteTeam "SC Hansa Dortmund"]
[BlackTeam "SC Hansa Dortmund"]

1. d3 d5 2. e4 c6 3. Nd2 e5 4. Ngf3 Bd6 5. c3 Nf6 6. Be2 O-O 7. O-O Nbd7 8. Qc2
Re8 9. Re1 Nf8 10. Nf1 Ng6 11. Ng3 Bc5 12. h3 Qd6 13. Bf1 Bb6 14. a3 a5 15. Bg5
h6 16. Bxf6 Qxf6 17. Nh5 Qd8 18. b4 Be6 19. Qe2 f6 20. c4 Qe7 21. c5 Bc7 22.
Qc2 Ra7 23. Reb1 axb4 24. axb4 Rea8 25. Qb2 f5 26. Rxa7 Rxa7 27. exf5 Bxf5 28.
Ra1 Rxa1 29. Qxa1 Kh7 30. Ng3 Bc8 31. Qb1 Nf4 32. Nxe5 Bxe5 33. d4+ Kg8 34.
dxe5 Qxe5 35. Qa2 h5 36. Ne2 Ng6 37. Qa8 Ne7 38. Qa3 Kf7 39. Qf3+ Ke8 40. Ng3
g6 41. Qd3 Nf5 42. Nxf5 Bxf5 43. Qa3 Kf7 44. Qa7 Qe7 45. Qb8 g5 46. Qh8 Bg6 47.
Qd4 Qf6 48. Qd2 Bf5 49. b5 Qe7 50. Qd4 Qe4 51. Qxe4 dxe4 52. bxc6 bxc6 53. Bc4+
Kf6 54. Kf1 Ke5 55. Ke2 Kd4 56. Bf7 h4 57. Bh5 Kxc5 58. f3 Kd4 0-1

[Event "73. Bezirkseinzelmeisterschaft 2018-19"]
[Site "Dortmund"]
[Date "2019.08.16"]
[Round "5.7"]
[White "Surmann, Christoph"]
[Black "Richter, Jan"]
[Result "0-1"]
[WhiteElo "1764"]
[BlackElo "1745"]
[PlyCount "92"]
[EventDate "2019.??.??"]
[WhiteTeam "Dortmunder SV 1875"]
[BlackTeam "SV Eichlinghofen"]

1. d4 f5 2. Nf3 Nf6 3. c4 d6 4. Nc3 g6 5. Bf4 Bg7 6. Qc2 O-O 7. e3 Qe8 8. h4 c6
9. c5 dxc5 10. Bc4+ Kh8 11. dxc5 Nh5 12. Be5 Bxe5 13. Nxe5 Nd7 14. Nxd7 Bxd7
15. Ne2 e5 16. O-O-O Nf6 17. f3 Be6 18. Rd6 Bxc4 19. Qxc4 Qf7 20. Qxf7 Rxf7 21.
Nc3 Re8 22. Rhd1 e4 23. Kd2 Kg7 24. f4 Ree7 25. Ke2 Rd7 26. b4 $11 Rxd6 27.
Rxd6 Rd7 28. a4 Rxd6 29. cxd6 Kf7 30. b5 Ke6 31. bxc6 bxc6 32. d7 Kxd7 33. Kd2
Kd6 34. Ne2 Kc5 35. Nd4 Kd6 36. Kc3 Nd5+ 37. Kd2 Nb6 38. a5 Nc4+ 39. Ke2 Nxa5
40. h5 a6 41. hxg6 hxg6 42. g4 c5 43. gxf5 cxd4 44. fxg6 d3+ 45. Kd2 Ke6 46.
f5+ Kf6 0-1